| 000 | 00363 a2200169 4500 | ||
|---|---|---|---|
| 001 | 72515 | ||
| 020 | _a8508072384 | ||
| 040 | _cAnchieta - Colégio São Paulo | ||
| 100 | _aCarrasco, Walcyr | ||
| 240 | 1 | 0 |
_aVida de droga _lpor |
| 245 | 1 | 0 | _aVida de droga |
| 300 | _a176 | ||
| 362 | 0 | _a2003 | |
| 440 | 1 | _aÁtica | |
| 650 | 4 | _aLiteratura juvenil | |
| 942 | _cBK | ||
| 999 |
_c72515 _d72515 |
||